00000000nam##2200000za#4500
0019.520404
003CaOODSP
00520200327031616
007ta
008150406|1992||||xxc|||||     f|0| 0 eng|d
020 |a0-660-57413-6
022 |a0706-148X
040 |aCaOODSP|beng
041 |aeng
041 |afre
043 |an-cn---
0861 |aS52-2/212-1992
1101 |aCanada.|bSecretary of State of Canada. |bTranslation Bureau.
24510|aVocabulary of signs and symptoms of the musculoskeletal system, Volume II: Medical imaging signs /
260 |aOttawa - Ontario : |bSecretary of State of Canada. |c1992.
300 |a271p. : |c22 cm.
4901 |aTerminology bulletin|x0706-148X|v212
500 |aJoint project of the Medical Research Council of Canada and the Department of the Secretary of State Canada.
504 |aBibliography.
5203 |aTerminology Bulletin 212. Under the direction of Dr. André Lussier, Dr. Germain Beauregard and Sylvie Dionne. Contains about 700 entries. The terms deal mainly with radiological aspects, imaging techniques, roentgenographic positions, angles, lines and indexes.
546 |aBilingual
563 |aSoftcover
590 |a92-26|b1992-06-26
69007|aMedicine|2gcpds
69007|aTerminology|2gcpds
7201 |aLussier, André
7760#|tVocabulaire de sémikologie de l'appareil locomoteur. Volume II: signes d'imagerie médicale / |w(CaOODSP)9.590518
792 |tVocabulaire de sémiologie de l'appareil locomoteur, Volume II: Signes d'imagerie médicale / |efre|w(CaOODSP)9.520405
830#0|aTerminology bulletin,|x0706-148X|v212|w(CaOODSP)9.509598